| 000 | 01363nam a2200373 i 4500 | ||
|---|---|---|---|
| 001 | 37046 | ||
| 003 | KOSZ 005 | ||
| 005 | 20220729125741.0 | ||
| 008 | 001010s2010 pl |000 0 pol d | ||
| 020 | _a8387014508 | ||
| 040 |
_cKOSZ 005 _aKOSZ 005 _dKOSZ 005/HR |
||
| 041 | 1 |
_apol _heng |
|
| 046 | _k2000 | ||
| 080 | _a659.1 | ||
| 100 | 1 |
_aOgilvy, David _d(1911-1999) _eAutor |
|
| 245 | 1 | 0 |
_aWyznania człowieka reklamy / _cDavid Ogilvy ; przekł. [z ang.] Wojciech Madej. |
| 246 |
_iTyt. oryg.: _aConfessions of an advertising man : _bthe all-time best seller about advertising |
||
| 260 |
_aWarszawa : _bWIG-Press, _c2000. |
||
| 300 |
_a157 s. ; _c24 cm. |
||
| 336 |
_2rdacontent _aTekst _btxt |
||
| 337 |
_2rdamedia _aBez urządzenia pośredniczącego _bn |
||
| 338 |
_2rdacarrier _aWolumin _bnc |
||
| 380 | _aKsiążki | ||
| 388 | _a1901-2000 | ||
| 500 | _aTyt. oryg.: "Confessions of an advertising man. The all-time best seller about advertising". | ||
| 650 | 7 | _aReklama | |
| 650 | 7 | _aAgencje reklamowe | |
| 651 | 7 | _aStany Zjednoczone (USA) | |
| 658 | _aZarządzanie i marketing | ||
| 700 | 1 |
_aMadej, Wojciech _d(1959-2010) _eTłumaczenie |
|
| 710 | 2 | _aWIG-Press | |
| 856 |
_uhttp://koha.tu.koszalin.pl/cgi-bin/koha/opac-detail.pl?biblionumber=37046 _yKatalog online BPK |
||
| 942 |
_cKS _2UKD |
||
| 999 |
_c37046 _d37046 |
||